000 00831nam a2200253 a 4500
001 BRCA_4609
005 20190320204732.0
008 270910s1963----sp-a######---#000-0#spa-#
041 _aspa
044 _asp
084 _aN3473
_b.V55 1963
100 1 _aVilaseca Vilaseca, Salvador
_911667
245 1 0 _aMuseo Municipal de Reus
_bGuía
_cSalvador Vilaseca Vilaseca.
260 _aMadrid
_bDirección General de Bellas Artes : Ministerio de Educación Nacional
_c1963
300 _a40 p.
_bil., 29 láminas
_c22 cm.
440 0 _aGuías de los museos de España
_v14
_911668
500 _aEstado físico: Cubierta desprendida
500 _aCFG86
610 2 4 _aMuseo Municipal de Reus
_zEspaña
_911669
650 1 4 _aArte
_zReus, España
_911670
650 1 4 _aGalerías y museos
_zEspaña
_97331
902 _aGFM
942 _2lcc
_cB
999 _c4314
_d4314